| 000 | 00550nam a2200205Ia 4500 | ||
|---|---|---|---|
| 003 | GCL | ||
| 008 | 140319s9999 xx 000 0 eng d | ||
| 020 | _a0782111610 | ||
| 040 |
_aGCL / _cGCL |
||
| 082 | 0 | 4 |
_a004.5 _bC B |
| 100 | 1 | _aCAMPBELL,BOB | |
| 245 | 1 | 0 |
_aBEYOND THE LIMITS : _bSECRETS OF PC MEMORY MANAGEMENT / _cCAMPBELL,BOB |
| 700 | 1 | _aMILLS , RICHARD | |
| 260 |
_aنيويورك : _bSYBEX ، _c1993 |
||
| 300 |
_a301 PP ؛ _c24 cm. |
||
| 650 | 0 | 4 | _aPROGRAMMING |
| 650 | 0 | 4 | _aCOMPUTER SYSTEM |
| 650 | 0 | 4 | _aWINDOWS |
| 942 |
_2ddc _cBK |
||
| 999 |
_c15504 _d15504 |
||